The British empire; (Record no. 552876)

000 -LEADER
fixed length control field 00385cam a22001211 4500
082 ## - DEWEY DECIMAL CLASSIFICATION NUMBER
Classification number 941
Author Mark LUC
100 1# - MAIN ENTRY--PERSONAL NAME
Personal name Lucas, Charles Prestwood,
9 (RLIN) 49477
245 14 - TITLE STATEMENT
Title The British empire;
Remainder of title six lectures,
Statement of responsibility, etc. by Sir Charles P. Lucas.
260 ## - PUBLICATION, DISTRIBUTION, ETC.
Place of publication, distribution, etc. London,
Name of publisher, distributor, etc. Macmillan and co., limited,
Date of publication, distribution, etc. 1915.
300 ## - PHYSICAL DESCRIPTION
Extent 250 p.
Other physical details incl. maps.
Dimensions 19 cm.
526 ## - STUDY PROGRAM INFORMATION NOTE
Program name 0
Interest level 0
Reading level 0
Title point value 941_000000000000000_LUC
942 ## - ADDED ENTRY ELEMENTS (KOHA)
Source of classification or shelving scheme
Koha item type Book
Holdings
Withdrawn status Lost status Source of classification or shelving scheme Damaged status Not for loan Permanent Location Current Location Date acquired Total Checkouts Full call number Barcode Date last seen Price effective from Koha item type
          Military College of Engineering (MCE) Military College of Engineering (MCE) 01/26/2015   941 LUC MCE-ECB/28.. 01/26/2015 01/26/2015 Book
© 2023 Central Library, National University of Sciences and Technology. All Rights Reserved.